00835cam a22002653a 450000100090000000300040000900500170001300800410003001000170007102000150008803500210010304000180012405000240014210000190016624500790018526000360026430000110030044000450031149000450035652600080040165500310040965500300044070000370047071000620050716386978OSt20190712132835.0971210s1997 xxu 000 1 eng  a 97811463  a0590212443 a(DLC) 97811463 aDLCcDLCdDLC00aPZ 7b.D121Gi 1998 1 aDadey, Debbie.14aGiants don't go snowboarding /cby Debbie Dadey and Marcia Thornton Jones. aNew York :bScholastic,cc1997. a119 p. aThe Adventures of the Bailey School Kids0 aThe Adventures of the Bailey school kids c600 7aYoung adult fiction.2lcsh 7aAdventure fiction.2gsafd1 aJones, Marciaq(Marcia Thornton)2 aCopyright Paperback Collection (Library of Congress)5DLC